Geographical Analysis of the Financial Performance of Accommodation Facilities in Slovakia: Regional Differences and Stability Indicators

Rozbor a identifikovanie kľúčových finančných ukazovateľov, ktoré prispievajú k stabilite ubytovacích zariadení v rôznych regiónoch Slovenska a zisťovanie, ako sa tieto ukazovatele regionálne líšia.

Enregistré dans:
Détails bibliographiques
Auteur principal: Lukáč, Jozef, 1991-
Autres auteurs: Gallo, Peter, Kudlová, Zuzana, 1986-
Format: Chapitre de livre
Langue:anglais
Sujets:
Tags: Ajouter un tag
Pas de tags, Soyez le premier à ajouter un tag!

MARC

LEADER 00000naa a2200000 4500
001 0304563
005 20241014100418.9
041 0 |a eng 
044 |a RO 
245 1 0 |a Geographical Analysis of the Financial Performance of Accommodation Facilities in Slovakia: Regional Differences and Stability Indicators  |c Jozef Lukáč, Peter Gallo, Zuzana Kudlová 
520 |a Rozbor a identifikovanie kľúčových finančných ukazovateľov, ktoré prispievajú k stabilite ubytovacích zariadení v rôznych regiónoch Slovenska a zisťovanie, ako sa tieto ukazovatele regionálne líšia. 
610 2 0 |a analýzy 
610 2 0 |a geografia 
610 2 0 |a výkonnosť finančná 
610 2 0 |a zariadenia ubytovacie 
610 2 0 |a Slovensko 
610 2 0 |a rozdiely regionálne 
100 1 |a Lukáč, Jozef, 1991- 
700 1 |a Gallo, Peter 
700 1 |a Kudlová, Zuzana, 1986-